header

The Hodayot (Thanksgiving Psalms) (Record no. 100270)

MARC details
000 -LEADER
fixed length control field 01604nam a2200373Ia 4500
082 04 - DEWEY DECIMAL CLASSIFICATION NUMBER
Classification number 296.1/55
100 1# - MAIN ENTRY--AUTHOR NAME
Personal name Schuller, Eileen M.,
245 14 - TITLE STATEMENT
Title The Hodayot (Thanksgiving Psalms)
260 ## - PUBLICATION, DISTRIBUTION, ETC. (IMPRINT)
Place of publication Atlanta :
Name of publisher Society of Biblical Literature,
Year of publication c2012.
300 ## - PHYSICAL DESCRIPTION
Number of Pages ix, 110 p.
490 1# - SERIES STATEMENT
Series statement Society of Biblical Literature : early Judaism and its literature ;
500 ## - GENERAL NOTE
General note The Lucius N. Littauer Book Fund.
700 1# - ADDED ENTRY--PERSONAL NAME
Personal name Newsom, Carol A.
856 40 - ELECTRONIC LOCATION AND ACCESS
Uniform Resource Identifier http://site.ebrary.com/lib/rucke/Doc?id=10614724

No items available.

© 2026 Rongo University
Contact us: librarian | system librarian | Rongo university